Apple watch for seniors for dummies

Main Author: Spivey, Dwight
Edition: 2023-2024 edition.
Subjects:
Online Access: http://library.unisel.edu.my/web/guest/mylibrary
LEADER 00918cam a2200253 7i4500
001 0000077285
005 20230414090000.0
020 |a 9781394159062 (electronic book)  
090 0 0 |a QA76.592   |b .S65 2023 
100 1 |a Spivey, Dwight  
245 1 0 |a Apple watch for seniors for dummies   |c Dwight Spivey. 
250 |a 2023-2024 edition. 
264 |a Hoboken, NJ:   |b John Wiley & Sons, Inc.,   |c 2023. 
300 |a 1 online resource (1 volume):   |b illustrations, text file, PDF. 
336 |a text  |2 rdacontent 
337 |a computer  |2 rdamedia 
338 |a online resource  |2 rdacarrier 
650 0 |a Computers and older people  
650 0 |a Smartwatches  
655 0 |a Electronic books 
856 4 2 |u http://library.unisel.edu.my/web/guest/mylibrary 
997 |a Communication, Visual Art & Computing, Faculty  |b Computing, Department 
998 |a Computer Science, Degree 
999 |a EBO0019949  |b EBOOK  |c EBOOK  |e Electronic resources